000
00313nam a2200133Ia 4500
005
20251222143301.0
008
251222s9999||||xx |||||||||||||| ||spa||
082
_a
282.83/G84
100
_a
Guarda, Gabriel
245
0
_a
La Edad Media de Chile
250
_a
1ra.ed.
264
_b
Ograma Impresores
942
_c
LIB
999
_c
15319
_d
15319